[Event "Wch Silent (Women)"]
[Site "Malente"]
[Date "2004.07.31"]
[Round "8"]
[White "Necse, Maria"]
[Black "Kedzierawska, Wieslawa"]
[Result "0-1"]
[WhiteElo "1805"]
[BlackElo "1805"]
[PlyCount "110"]
[EventDate "2004.07.25"]
[EventType "tourn"]
[EventRounds "11"]
[EventCountry "GER"]
[SourceTitle "EXT 2006"]
[Source "ChessBase"]
[SourceDate "2005.11.24"]
[SourceVersion "1"]
[SourceVersionDate "2005.11.24"]
[SourceQuality "1"]

1. e4 Nf6 2. Nc3 d5 3. d4 Nc6 4. Nf3 dxe4 5. d5 exf3 6. dxc6 Qxd1+ 7. Nxd1 bxc6 8. gxf3 Bf5 9. c3 e5 10. Ne3 g6 11. Nc4 e4 12. Bg2 Bc5 13. Bg5 Nh5 14. fxe4 Be6 15. Nd2 h6 16. Be3 Bxe3 17. fxe3 0-0 18. 0-0-0 Rab8 19. b3 c5 20. c4 a5 21. Kb2 Nf6 22. h3 Nd7 23. a4 Nb6 24. Ka3 Rfd8 25. Bf1 Bd7 26. Rb1 Bc6 27. Rh2 Nd7 28. Rb2 Ne5 29. Rf2 Nd3 30. Bxd3 Rxd3 31. Re2 Rb4 32. Ka2 g5 33. e5 Rd8 34. Ka3 Re8 35. e4 Rxe5 36. Nf3 Rxe4 37. Rxe4 Bxe4 38. Ne5 Bf5 39. Nc6 Bxh3 40. Nxb4 cxb4+ 41. Ka2 g4 42. Rd2 h5 43. Rd5 Kg7 44. Rxh5 Kg6 45. Rxa5 g3 46. Re5 g2 47. Re1 f5 48. a5 f4 49. a6 Bc8 50. a7 Bb7 51. c5 f3 52. Rc1 f2 53. c6 Ba8 54. Kb2 f1Q 55. Rxf1 gxf1Q 0-1

[Event "Wch Silent (Women)"]
[Site "Malente"]
[Date "2004.07.25"]
[Round "2"]
[White "Kedzierawska, Wieslawa"]
[Black "Buerki, Sarah"]
[Result "1-0"]
[WhiteElo "1805"]
[BlackElo "1805"]
[PlyCount "111"]
[EventDate "2004.07.25"]
[EventType "tourn"]
[EventRounds "11"]
[EventCountry "GER"]
[SourceTitle "EXT 2006"]
[Source "ChessBase"]
[SourceDate "2005.11.24"]
[SourceVersion "1"]
[SourceVersionDate "2005.11.24"]
[SourceQuality "1"]

1. e4 e5 2. Nf3 d6 3. Nc3 Nf6 4. Bc4 Nc6 5. Bb5 Bd7 6. Bxc6 Bxc6 7. d3 Qd7 8. h3 0-0-0 9. 0-0 Qe6 10. Ng5 Qd7 11. b4 d5 12. Ba3 Bd6 13. Qf3 Bf8 14. Rfd1 h6 15. exd5 hxg5 16. dxc6 Qxc6 17. Qxc6 bxc6 18. f3 Rh4 19. Ne2 Rd5 20. Rab1 Rb5 21. c3 c5 22. c4 Rxb4 23. Bxb4 cxb4 24. Kh2 Bd6 25. g3 Rh5 26. Rdc1 a5 27. Kg2 Rh7 28. Ra1 Bc5 29. Rc2 Be3 30. Rd1 Rh6 31. d4 exd4 32. Nxd4 c5 33. Nf5 Rh8 34. Nxe3 Re8 35. Nd5 Nh5 36. Rcd2 f5 37. g4 fxg4 38. fxg4 Nf4+ 39. Nxf4 gxf4 40. Rf1 Re4 41. Rfd1 Re3 42. Rd3 f3+ 43. Kf2 Re2+ 44. Kxf3 Rxa2 45. Rd8+ Kc7 46. R8d7+ Kc8 47. Rxg7 Ra3+ 48. Ke4 Rxh3 49. Rf1 Rh8 50. Ra1 Re8+ 51. Kd5 Rd8+ 52. Kxc5 Rd4 53. Kxd4 b3 54. Rxa5 Kb8 55. Rb5+ Kc8 56. Rxb3 1-0